|
|
|
|
| LEADER |
01422nam a2200313 a 4500 |
| 001 |
14152655 |
| 008 |
090917s1998 bg a b 000 0 eng d |
| 010 |
|
|
|a \\2003328032
|
| 020 |
|
|
|a 9844890268
|
| 040 |
|
|
|a DLC
|c DLC
|d DLC
|
| 082 |
0 |
0 |
|a 307.1/412/095492
|2 21
|
| 111 |
2 |
|
|a National Workshop on Strategies for Poverty Eradication
|d (1998 :
|c BRDB Institutional Support Project)
|
| 245 |
1 |
0 |
|a National Workshop on Strategies for Poverty Eradication, 14-15 June 1998 /
|c edited by Paul Ojermark, Benneth Hulterstrom, M.A. Quashem.
|
| 260 |
|
|
|a Dhaka :
|b BRDB Institutional Support Project,
|c 1998.
|
| 300 |
|
|
|a xiii, 157 p. :
|b col. ill. ;
|c 26 cm.
|
| 490 |
1 |
|
|a Report ;
|v no. 26
|
| 504 |
|
|
|a Includes bibliographical references.
|
| 541 |
1 |
|
|e 00006566
|
| 650 |
|
0 |
|a Rural development
|z Bangladesh
|v Congresses.
|
| 650 |
|
0 |
|a Poverty
|x Government policy
|z Bangladesh
|v Congresses.
|
| 650 |
|
0 |
|a Rural poor
|z Bangladesh
|v Congresses.
|
| 700 |
1 |
|
|a Öjermark, Paul
|
| 700 |
1 |
|
|a Hulterstrom, Benneth.
|
| 700 |
1 |
|
|a Quashem, M. A.
|
| 710 |
2 |
|
|a BRDB Institutional Support Project.
|
| 830 |
|
0 |
|a Report (BRDB Institutional Support Project) ;
|v no. 26.
|
| 852 |
4 |
|
|a Ayesha Abed Library
|j General shelf
|
| 999 |
|
|
|c 4106
|d 4106
|
| 952 |
|
|
|0 0
|1 0
|2 ddc
|4 0
|6 307_141209549200000_NAT_1998
|7 0
|9 3778
|a BRACUL
|b BRACUL
|c GEN
|d 2009-10-03
|g 0.00
|l 0
|o 307.1412095492 NAT
|p 3010006566
|r 2009-10-03
|t 1
|w 2009-10-03
|y BK
|x No price found in the accession register.
|